Statistics for A rather long general knowledge quiz

Click here to take the quiz!

General Stats

  • This quiz has been taken 40 times
  • The average score is 10 of 20

Answer Stats

QuestionAnswer% Correct
Whats the most translated book?Bible
85%
What animal has the longest lifespan?giant tortoise
85%
Which country has the longest coastline in the world?Canada
77%
Who is the richest person in the world?Jeff Bezos
74%
What was the first video game everpong
59%
What is the shortest war in history?Anglo-Zanzibar War
56%
What new sports are going to be added for the Tokyo 2020 olympics?Surfing,Karate,Skateboarding,Softball/Baseball,Sport climbing
54%
What is the most recently discovered element.Tennessine
54%
What film franchise has the most films?James Bond
49%
Nintendo started as a company selling what?playing cards
49%
What is a group of ferrets called?business
46%
Where is the world's largest democracy held?India
46%
What is the most printed book?Bible
44%
What is the only country to have ever been at war with birds?Australia
33%
How long was the longest pub quiz ever?34 hours and 39 minutes
31%
How many letters are in the longest english word featured in a major dictionary?45
31%
What is the square root of -1?i
31%
What is the planet with the most moons in our solar system?Saturn
26%
What is the world's smallest mountainMount Wycheproof
23%
What is the longest running TV show in the UK?Panorama
10%

Score Distribution

Percentile by Number Answered

Percent of People with Each Score

Your Score History

You have not taken this quiz